<?xml version="1.0" encoding="UTF-8"?>
<record
    xmlns:xsi="http://www.w3.org/2001/XMLSchema-instance"
    xsi:schemaLocation="http://www.loc.gov/MARC21/slim http://www.loc.gov/standards/marcxml/schema/MARC21slim.xsd"
    xmlns="http://www.loc.gov/MARC21/slim">

  <leader>01184nam a2200349 i 4500</leader>
  <datafield tag="999" ind1=" " ind2=" ">
    <subfield code="c">142193</subfield>
    <subfield code="d">142193</subfield>
  </datafield>
  <controlfield tag="001">vtls000691242</controlfield>
  <controlfield tag="003">PNM</controlfield>
  <controlfield tag="005">20180728150236.0</controlfield>
  <controlfield tag="008">120927t20102010my a   j |    000 0 may  </controlfield>
  <datafield tag="015" ind1=" " ind2=" ">
    <subfield code="a">M13-02259</subfield>
  </datafield>
  <datafield tag="020" ind1=" " ind2=" ">
    <subfield code="a">9789675380426</subfield>
    <subfield code="q">hardback</subfield>
  </datafield>
  <datafield tag="039" ind1=" " ind2="9">
    <subfield code="a">201703270828</subfield>
    <subfield code="b">dayang</subfield>
    <subfield code="c">201605261517</subfield>
    <subfield code="d">azeantie</subfield>
    <subfield code="c">201307121408</subfield>
    <subfield code="d">irfah</subfield>
    <subfield code="c">201303221707</subfield>
    <subfield code="d">habirah</subfield>
  </datafield>
  <datafield tag="040" ind1=" " ind2=" ">
    <subfield code="a">BNM</subfield>
    <subfield code="b">eng</subfield>
    <subfield code="c">BNM</subfield>
    <subfield code="d">PNM</subfield>
    <subfield code="d">PPAK</subfield>
    <subfield code="e">rda</subfield>
  </datafield>
  <datafield tag="049" ind1=" " ind2=" ">
    <subfield code="a">klpmal</subfield>
  </datafield>
  <datafield tag="082" ind1="0" ind2="4">
    <subfield code="a">616.203</subfield>
    <subfield code="2">23</subfield>
  </datafield>
  <datafield tag="090" ind1="0" ind2="0">
    <subfield code="a">616.203</subfield>
    <subfield code="b">AYU</subfield>
    <subfield code="d">G</subfield>
  </datafield>
  <datafield tag="100" ind1="0" ind2=" ">
    <subfield code="a">Ayuni Rezwan,</subfield>
    <subfield code="e">author.</subfield>
  </datafield>
  <datafield tag="245" ind1="1" ind2="0">
    <subfield code="a">Sejarah dan punca kewujudan H1N1 di dunia :</subfield>
    <subfield code="n">Jilid 1 /</subfield>
    <subfield code="c">Ayuni Rezwan</subfield>
  </datafield>
  <datafield tag="264" ind1=" " ind2="1">
    <subfield code="a">Seri Kembangan, Selangor :</subfield>
    <subfield code="b">Penerbitan Premier,</subfield>
    <subfield code="c">2010</subfield>
  </datafield>
  <datafield tag="264" ind1=" " ind2="4">
    <subfield code="c">&#xA9; 2010</subfield>
  </datafield>
  <datafield tag="300" ind1=" " ind2=" ">
    <subfield code="a">ii, 44 pages :</subfield>
    <subfield code="b">colour illustrations ;</subfield>
    <subfield code="c">30 cm. +</subfield>
    <subfield code="e">1 computer optical disc (4 3/4 in.)</subfield>
  </datafield>
  <datafield tag="336" ind1=" " ind2=" ">
    <subfield code="a">text</subfield>
    <subfield code="2">rdacontent</subfield>
  </datafield>
  <datafield tag="337" ind1=" " ind2=" ">
    <subfield code="a">unmediated</subfield>
    <subfield code="2">rdamedia</subfield>
  </datafield>
  <datafield tag="338" ind1=" " ind2=" ">
    <subfield code="a">volume</subfield>
    <subfield code="2">rdacarrier</subfield>
  </datafield>
  <datafield tag="490" ind1="1" ind2=" ">
    <subfield code="a">SIRI H1N1 DAN CHIKUNGUNYA</subfield>
  </datafield>
  <datafield tag="500" ind1=" " ind2=" ">
    <subfield code="a">Jilid 1</subfield>
  </datafield>
  <datafield tag="504" ind1=" " ind2=" ">
    <subfield code="a">Includes bibliographical references : pages 44.</subfield>
  </datafield>
  <datafield tag="650" ind1="1" ind2="0">
    <subfield code="a">H1N1 influenza</subfield>
    <subfield code="x">History</subfield>
  </datafield>
  <datafield tag="650" ind1="2" ind2="0">
    <subfield code="a">Influenza A virus</subfield>
    <subfield code="x">History</subfield>
  </datafield>
  <datafield tag="830" ind1=" " ind2="0">
    <subfield code="a">Siri H1N1 dan Chikungunya</subfield>
  </datafield>
  <datafield tag="942" ind1=" " ind2=" ">
    <subfield code="2">ddc</subfield>
    <subfield code="c">B</subfield>
  </datafield>
  <datafield tag="952" ind1=" " ind2=" ">
    <subfield code="0">0</subfield>
    <subfield code="7">0</subfield>
    <subfield code="b">PPAK</subfield>
    <subfield code="c">G</subfield>
    <subfield code="d">2018-05-08</subfield>
    <subfield code="o">616.203 AYU</subfield>
    <subfield code="p">A00736805</subfield>
    <subfield code="r">2018-05-08 00:00:00</subfield>
    <subfield code="y">B</subfield>
  </datafield>
</record>
